1555 1366 1116 1950 1003 1840 1697 1639 1591 1466 1518 1955 1571 1878 1762 1874 1319 1823 1809 1360 1369 1836 1311 1239 1482 1051 1724 1308 1162 1299 1721 1240 1412 1475 1837 1034 1033 1272 1344 1247 1217 1827 1304 1235 1322 1390 1707 1083 1695 1340 1392 1737 1244 1772 1520 1414 1317 1678 1376 1088 1447 1741 1109 1272 1381 1335 1987 1200 1080 1818 1990 1337 1472 1929 1928 1546 1495 1528 1109 1409 1413 1265 1816 1630 1436 1497 1679 1733 1849 1999 1679 1150 1831 1779 1479 1431 1932 1291 1160 BCNSPRNW ULIB Ver.6.0+V

เปลี่ยนเป็นภาษาไทย

Change to English
 แสดงรายละเอียดบรรณานุกรม
  กลับหน้าหลัก

Brief Record : Get Marc (ISO 2709) : E-mail record : QR code < ปิดหน้าต่าง
LEADER : 00000nam 2200000uu 4500
001    13399123001
003     ULIB
008    131127s2556||||th 000 0 tha d
099    วจ.LB2301^bศ287ผ
100 0  ศศิธร ชิดนายี และคคนอื่นๆ
245 00 ผลการจัดกิจกรรมพัฒนาความประหยัดโดยการใช้กระบวนการประจ่าง ค่านิยม และการกำกับตนเองที่มีต่อพฤติกรรมการประหยัดของนักศึกษาพยาบาลศาสตร์
260    อุตรดิถต์:^bวิทยาลัยพยาบาลบรมราชชนนี อุตรดิตถ์,^c2556
300    91 แผ่น
650  4 ค่านิยม^xวิจัย
650  4 ความประหยัด^xวิจัย
945    ^p0^l0^i034204
999    ^aเกษร โพธิ์สุวรรณ
รายการนี้ยังไม่มีแท็ก
คุณยังไม่ได้ล็อกอิน คุณสามารถมีกิจกรรมร่วมกับเว็บไซต์ได้ แต่ต้องล็อกอินก่อน ::
  ล็อกอิน

รายการสื่อสารสนเทศ

ลำดับที่ ประเภท เลขเรียก/บาร์โค้ด สถานที่ สถานะ
1. งานวิจัย
งานวิจัย
วจ.LB2301 ศ287ผ  
  Barcode: 034204
ห้องสมุดวิทยาเขตสวรรค์ประชารักษ์
►วิจัย
บนชั้น

BibComment


ยังไม่เคยถูกคอมเมนท์

คอมเมนท์ทรัพยากรรายการนี้
  คอมเมนท์: ผลการจัดกิจกรรมพั..


 Copyright 2026. Bcnsprnw @Library